Fundamentos de mercadotecnia / William J. Stanton (Registro nro. 23931)
[ vista simple ]
| 000 -LÍDER | |
|---|---|
| fixed length control field | 00481nam a2200157 4500 |
| 020 ## - NÚMERO INTERNACIONAL NORMALIZADO PARA LIBROS | |
| ISBN | 968-451-653-3 |
| 050 ## - SIGNATURA TOPOGRAFICA DE LA BIBLIOTECA DEL CONGRESO (LC) | |
| Número de Clasificación | HF5415 S792 |
| 082 ## - NUMERO DE CLASIFICACION DECIMAL DEWEY | |
| Número de Clasificación | 658.83 S862f |
| 100 ## - ASIENTO PRINCIPAL--NOMBRE PERSONAL | |
| Nombre personal | Stanton, William J. |
| 245 ## - TÍTULO | |
| Título | Fundamentos de mercadotecnia / William J. Stanton |
| 250 ## - MENCIÓN DE EDICIÓN | |
| Mención de edición | 7a ed. en Ingles / 3a ed. en Español |
| 260 ## - PUBLICACIÓN, DISTRIBUCIÓN, ETC. (PIE DE IMPRENTA) | |
| Lugar de publicación, distribución, etc. | Mexico : McGraw-Hill |
| 300 ## - DESCRIPCIÓN FÍSICA | |
| Extensión | XIX, 779p. / 24 cm. |
| 650 ## - ASIENTO SECUNDARIO DE MATERIA - TERMINO TEMÁTICO | |
| Término temático o nombre geográfico como elemento de entrada | 1. MERCADOTECNIA \ 2. MERCADOTECNIA MODERNA |
| 700 ## - ASIENTO SECUNDARIO - NOMBRE PERSONAL | |
| Nombre personal | I. S nchez P‚rez, Armando, Tr. |
| No. biblioteca | No. biblioteca | Número de clasificación | Código de barras/Número de adquisición | Número de copia | Tipo de material |
|---|---|---|---|---|---|
| LUIS G. INCLAN | LUIS G. INCLAN | 658.83 S862f | 8252 | 6 | Libros |
| LUIS G. INCLAN | LUIS G. INCLAN | 658.83 S862f | 8228 | 2 | Libros |
| LUIS G. INCLAN | LUIS G. INCLAN | 658.83 S862f | 0824 | 3 | Libros |
| LUIS G. INCLAN | LUIS G. INCLAN | 658.83 S862f | 10873 | 8 | Libros |
| LUIS G. INCLAN | LUIS G. INCLAN | 658.83 S862f | 7221 | 1 | Libros |
